| 000 | 00445nam a2200181Ia 4500 | ||
|---|---|---|---|
| 001 | 20194 | ||
| 005 | 20260306172748.0 | ||
| 008 | 260306t1997||||xx |||||||||||||| ||spa|| | ||
| 041 | _aESP | ||
| 082 |
_a343 _bC14 |
||
| 100 |
_aCáceres Arce, Jorge Luis _eAUT |
||
| 245 | 0 | _aReflexiones constitucionales contemporáneas | |
| 260 | _c1997 | ||
| 300 |
_a109 páginas : _c21 cm. |
||
| 650 | _aGEN | ||
| 654 | _aCDE | ||
| 942 |
_cLIB _dJUS _fJUS _2ddc _n |
||
| 999 |
_c20194 _d20194 |
||